Największe miasta w Polsce - powierzchnia - Statystyki

Ogólne statystyki
  • Ten quiz został rozwiązany 517 razy
  • Średni wynik to 14 z 20
Statystyki odpowiedzi
# Miasto Powierzchnia % Poprawnych
1. Warszawa 517,2 km2
100%
2, Kraków 326,9 km2
98%
7. Gdańsk 262,0 km2
96%
5. Wrocław 292,8 km2
95%
4. Łódź 293,3 km2
91%
8. Poznań 261,9 km2
91%
3. Szczecin 300,6 km2
91%
18. Gdynia 135,1 km2
89%
12. Katowice 164,6 km2
87%
11. Bydgoszcz 176,0 km2
82%
17. Lublin 147,5 km2
82%
20. Rzeszów 126,6 km2
75%
6. Zielona Góra 278,3 km2
66%
13. Częstochowa 159,7 km2
62%
15. Opole 148,9 km2
60%
19. Gliwice 133,9 km2
49%
10. Dąbrowa Górnicza 188,7 km2
29%
9. Świnoujście 202,1 km2
22%
16. Rybnik 148,4 km2
20%
14. Jaworzno 152,6 km2
12%
Nie znaleziono quizów pasujących do podanych kryteriów
Rozkład punktacji
Procent ludzi z każdym wynikiem
Percentyl według liczby udzielonych odpowiedzi
Twoja historia wyników
Nie rozwiązałeś tego quizu